每个省级行政区人口最多的5个城市(城市点位地图版) - Statistics

General Stats
  • This quiz has been taken 33 times
  • The average score is 124 of 144
Answers on the Map
Answers color-coded by a green-red scale on the quiz's map according to % correct below.
 
Answer Stats
省级行政区 人口 城市 % Correct
直辖市 21893095 北京市
100%
直辖市 25379469 重庆市
100%
直辖市 13866009 天津市
96%
辽宁省 7885142 沈阳市
96%
辽宁省 5736383 大连市
96%
吉林省 5539649 长春市
96%
吉林省 1895865 吉林市
96%
直辖市 24870895 上海市
96%
福建省 5163970 厦门市
96%
福建省 4094491 福州市
96%
江西省 3929660 南昌市
96%
山东省 8352574 济南市
96%
山东省 7172451 青岛市
96%
山东省 3386471 淄博市
96%
山东省 3191299 烟台市
96%
河南省 6650120 郑州市
96%
湖北省 12447718 武汉市
96%
湖南省 5980707 长沙市
96%
广东省 18676605 广州市
96%
广东省 17338162 深圳市
96%
广东省 10466625 东莞市
96%
广东省 9498863 佛山市
96%
广西壮族自治区 1725865 桂林市
96%
四川省 15419445 成都市
96%
四川省 2232865 绵阳市
96%
贵州省 4506134 贵阳市
96%
贵州省 1420656 六盘水市
96%
陕西省 11133823 西安市
96%
河北省 5758403 石家庄市
92%
河北省 3724728 邯郸市
92%
河北省 3687607 唐山市
92%
河北省 3154062 保定市
92%
山西省 4529141 太原市
92%
内蒙古自治区 2545608 呼和浩特市
92%
辽宁省 1166481 盘锦市
92%
黑龙江省 6976136 哈尔滨市
92%
黑龙江省 1406987 齐齐哈尔市
92%
浙江省 10711238 杭州市
92%
浙江省 5057140 宁波市
92%
浙江省 3004246 温州市
92%
浙江省 2958643 绍兴市
92%
浙江省 2162461 台州市
92%
安徽省 5118199 合肥市
92%
安徽省 2210722 芜湖市
92%
福建省 2305646 莆田市
92%
福建省 2120178 漳州市
92%
江西省 2588060 赣州市
92%
江西省 1164268 九江市
92%
山东省 3648324 临沂市
92%
河南省 3443805 洛阳市
92%
河南省 2060026 南阳市
92%
河南省 1735581 开封市
92%
湖南省 1734201 株洲市
92%
湖南省 1361085 衡阳市
92%
广东省 5437602 汕头市
92%
广西壮族自治区 5977185 南宁市
92%
广西壮族自治区 2519051 柳州市
92%
海南省 2873358 海口市
92%
海南省 1031396 三亚市
92%
贵州省 2360549 遵义市
92%
云南省 5950578 昆明市
92%
陕西省 1568579 咸阳市
92%
陕西省 1251557 榆林市
92%
甘肃省 3186658 兰州市
92%
青海省 1954795 西宁市
92%
青海省 358832 海东市
92%
宁夏回族自治区 1901793 银川市
92%
宁夏回族自治区 477183 石嘴山市
92%
宁夏回族自治区 471329 固原市
92%
河北省 2032556 邢台市
88%
山西省 2030203 大同市
88%
山西省 1226617 晋中市
88%
内蒙古自治区 2283770 包头市
88%
内蒙古自治区 693038 鄂尔多斯市
88%
辽宁省 1543696 鞍山市
88%
辽宁省 1322098 抚顺市
88%
黑龙江省 1754655 大庆市
88%
黑龙江省 930015 牡丹江市
88%
江苏省 9314685 南京市
88%
江苏省 6715559 苏州市
88%
江苏省 4493029 常州市
88%
江苏省 4396835 无锡市
88%
江苏省 3766534 南通市
88%
安徽省 2128538 阜阳市
88%
湖南省 1469055 常德市
88%
四川省 2158312 宜宾市
88%
四川省 1850869 达州市
88%
贵州省 1305066 毕节市
88%
西藏自治区 648044 拉萨市
88%
陕西省 1862118 宝鸡市
88%
甘肃省 885277 武威市
88%
宁夏回族自治区 399796 中卫市
88%
新疆维吾尔自治区 3980779 乌鲁木齐市
88%
台湾省 4365947 新北市
88%
台湾省 3033840 台中市
88%
台湾省 2734275 高雄市
88%
台湾省 2594581 台北市
88%
山西省 959198 临汾市
83%
内蒙古自治区 921808 通辽市
83%
江西省 2068763 上饶市
83%
湖北省 2319640 襄阳市
83%
湖北省 1547599 宜昌市
83%
湖北省 1428629 十堰市
83%
海南省 954259 儋州市
83%
四川省 1936534 南充市
83%
贵州省 1217501 安顺市
83%
云南省 1594721 曲靖市
83%
西藏自治区 158290 日喀则市
83%
宁夏回族自治区 658394 吴忠市
83%
台湾省 2441064 桃园市
83%
山西省 1687952 长治市
79%
内蒙古自治区 1460381 赤峰市
79%
吉林省 713430 松原市
79%
黑龙江省 862555 佳木斯市
79%
安徽省 1968766 六安市
79%
江西省 1486267 抚州市
79%
海南省 560894 文昌市
79%
西藏自治区 84254 林芝市
79%
甘肃省 1212791 天水市
79%
甘肃省 546616 陇南市
79%
甘肃省 538514 白银市
79%
安徽省 1766285 宿州市
75%
福建省 2061551 晋江市
75%
湖北省 1268715 仙桃市
75%
广西壮族自治区 1700978 贵港市
75%
云南省 911766 昭通市
75%
西藏自治区 148511 昌都市
75%
西藏自治区 104490 那曲市
75%
陕西省 1188664 渭南市
75%
青海省 221863 格尔木市
75%
青海省 141308 玉树市
75%
新疆维吾尔自治区 782662 喀什市
75%
河南省 1859723 商丘市
71%
吉林省 862313 公主岭市
67%
海南省 545992 万宁市
67%
云南省 903081 保山市
67%
新疆维吾尔自治区 779352 库尔勒市
67%
新疆维吾尔自治区 778047 伊宁市
63%
新疆维吾尔自治区 715319 阿克苏市
58%
湖南省 1429384 浏阳市
54%
云南省 1189813 宣威市
50%
青海省 101519 同仁市
50%
吉林省 836098 榆树市
46%
广西壮族自治区 1511011 桂平市
33%
No matching quizzes found
Score Distribution
Percent of People with Each Score
Percentile by Number Answered
Your Score History
You have not taken this quiz